Αξιολόγηση των περιβαλλοντικών προγραμμάτων που εφαρμόζονται στα νηπιαγωγεία της Ρόδου (εντός και εκτός πόλεως) : διπλωματική εργασία [μεταπτυχιακή εργασία]

Αποθηκεύτηκε σε:
Λεπτομέρειες βιβλιογραφικής εγγραφής
Κύριος συγγραφέας: Τοτοκώτση, Αλεξάνδρα
Συγγραφή απο Οργανισμό/Αρχή: Πανεπιστήμιο Αιγαίου Σχολή Ανθρωπιστικών Επιστημών Τμήμα Επιστημών της Προσχολικής Αγωγής και του Εκπαιδευτικού Σχεδιασμού Πρόγραμμα Μεταπτυχιακών Σπουδών Περιβαλλοντική Εκπαίδευση
Άλλοι συγγραφείς: Δημητρίου, Αναστασία (Εισηγητής διατριβής)
Μορφή: Thesis Βιβλίο
Γλώσσα:Greek
Δημοσίευση: 2010
Θέματα:
Διαθέσιμο Online:http://hdl.handle.net/11610/15738
Ετικέτες: Προσθήκη ετικέτας
Δεν υπάρχουν, Καταχωρήστε ετικέτα πρώτοι!

MARC

LEADER 00000cam a2200000 i 4500
001 1/14595
008 110808s2010 gre d
035 |l 10110640 
040 |a GR-MY-UA  |b gre  |e aacr 
041 0 |a gre 
082 0 |a 379.158  |2 (22) 
100 1 |a Τοτοκώτση, Αλεξάνδρα. 
245 1 0 |a Αξιολόγηση των περιβαλλοντικών προγραμμάτων που εφαρμόζονται στα νηπιαγωγεία της Ρόδου (εντός και εκτός πόλεως) :  |b διπλωματική εργασία [μεταπτυχιακή εργασία] /  |c Τοτοκώτση Αλεξάνδρα ; επιβλέπουσα: Δημητρίου Αναστασία 
260 |c 2010 
300 |a 177 σ.;  |b πιν.;  |c 30 εκ. 
500 |a Μέλη εξεταστικής επιτροπής: Ανδρεαδάκης Νικόλαος, Κόνσολας Εμμανουήλ 
502 |a Διατριβή (μεταπτυχιακή) – Πανεπιστήμιο Αιγαίου, Ρόδος, 2010. 
504 |a Βιβλιογραφία: σ. 128-140 
650 0 |a Educational evaluation  |z Greece  |z Rhodes (Island) 
650 0 0 |a Evaluation research (Social action programs) 
650 0 0 |a Environmental education  |x Study and teaching (Preschool) 
650 0 |a Environmental education  |x Activity programs  |z Greece  |z Rhodes (Island) 
650 0 0 |a Environmental education  |x Activity programs  |x Case studies. 
650 0 0 |a Education  |x Environmental aspects. 
650 0 0 |a Dissertations, Academic  |z Greece. 
700 1 |a Δημητρίου, Αναστασία.  |4 ths 
710 2 |a Πανεπιστήμιο Αιγαίου  |b Σχολή Ανθρωπιστικών Επιστημών  |b Τμήμα Επιστημών της Προσχολικής Αγωγής και του Εκπαιδευτικού Σχεδιασμού  |b Πρόγραμμα Μεταπτυχιακών Σπουδών Περιβαλλοντική Εκπαίδευση. 
852 |a INST  |b RHODES  |c DIATR  |e 20110808  |h 379.158 ΤΟΤ  |p 005400033327  |q 005400033327  |t MTXE  |y 23 
852 |a INST  |b RHODES  |c DIATR  |e 20110808  |h 379.158 ΤΟΤ  |p 005400033584  |q 005400033584  |t MTXE  |y 23 
856 |u http://hdl.handle.net/11610/15738 
901 |a BIBL4-2011-2 
909 |a Ρ  |b 163922 
909 |a Ρ  |b 163923 
924 |a ΤΟΤΟΚΩΤΣΗ  |b ΑΛΕΞΑΝΔΡΑ  |y ΡΟΔΟΣ  |z 2011-08 
970 |z 2010/05/